000 00303nam a22001217a 4500
040 _cHS
082 _a634
100 _aសេង លឹមហុង
245 _aរុក្ខវប្បកម្ម sivilculture
260 _aRUA
_bសេង លឹមហុង
_c2008
300 _a117p;
942 _cKB
999 _c9155
_d9155